Statistics for Biggest Three-Word Cities in the US

Click here to take the quiz!

General Stats

  • This quiz has been taken 93 times
  • The average score is 5 of 15

Answer Stats

# Clue City % Correct
2Mormon capitalSalt Lake City
100%
1Suburb of 'Sin City'North Las Vegas
58%
5County seat of Palm Beach CountyWest Palm Beach
44%
3Port city named after Lucia of SyracusePort Saint Lucie
43%
9West of Iowa's capitalWest Des Moines
40%
15Spanish for St. Louis, the BishopSan Luis Obispo
39%
8Suburb of the capital of ArkansasNorth Little Rock
32%
4Suburb of #2West Valley City
31%
11Oasis in the hot west of ArizonaLake Havasu City
26%
7South of 'The City by the Bay'South San Francisco
22%
12NJ City bordering 'Big Apple'West New York
8%
6Mid-to-high end suburb of DallasNorth Richland Hills
7%
10The ShoresSt. Clair Shores
6%
14Longest city name in Orange County and CaliforniaRancho Santa Margarita
6%
13FL City, gated communitiesPalm Beach Gardens
4%

Score Distribution

Percentile by Number Answered

Percent of People with Each Score

Your Score History

You have not taken this quiz